000
00268nam a2200121Ia 4500
005
20251222153533.0
008
251222s9999||||xx |||||||||||||| ||spa||
082
_a
848.9/C24A/1963
100
_a
Camus, Albert
245
0
_a
Carnets:
264
_b
Losada
942
_c
LIB
999
_c
30167
_d
30167